Online
Catalog

Cuentos escritos en el exilio / (Record no. 49920)

MARC details
000 -CABECERA
campo de control de longitud fija 01658nam a2200361 i 4500
003 - IDENTIFICADOR DEL NÚMERO DE CONTROL
campo de control DO-SdBNP
005 - FECHA Y HORA DE LA ÚLTIMA TRANSACCIÓN
campo de control 20260321073644.0
007 - CAMPO FIJO DE DESCRIPCIÓN FÍSICA--INFORMACIÓN GENERAL
campo de control de longitud fija ta
008 - DATOS DE LONGITUD FIJA--INFORMACIÓN GENERAL
campo de control de longitud fija 210615e2019 dr ||||gr|||| 001 j spa d
020 ## - NÚMERO INTERNACIONAL ESTÁNDAR DEL LIBRO
Número Internacional Estándar del Libro 9789945503470
040 ## - FUENTE DE LA CATALOGACIÓN
Centro catalogador/agencia de origen DO-SdBNP
Lengua de catalogación spa
Centro/agencia transcriptor BNPHU
Normas de descripción rda
082 #4 - NÚMERO DE LA CLASIFICACIÓN DECIMAL DEWEY
Número de clasificación RD863.44
Número de documento/Ítem B742c 2019
Número de edición 22
100 1# - ENTRADA PRINCIPAL--NOMBRE DE PERSONA
Nombre de persona Bosch, Juan,
Fechas asociadas al nombre 1909-2001
Término indicativo de función/relación autor
Código de función/relación aut.
9 (RLIN) 76555
245 10 - MENCIÓN DE TÍTULO
Título Cuentos escritos en el exilio /
Resto del título Juan Bosch ; prólogo, Pedro Vergés ; edición, María del Carmen Vicente, Clara Dobarro.
264 #1 - PRODUCCIÓN, PUBLICACIÓN, DISTRIBUCIÓN, FABRICACIÓN Y COPYRIGHT
Producción, publicación, distribución, fabricación y copyright Santo Domingo :
Nombre del de productor, editor, distribuidor, fabricante Editora Ministerio de Cultura,
Fecha de producción, publicación, distribución, fabricación o copyright 2019.
300 ## - DESCRIPCIÓN FÍSICA
Extensión 219 páginas ;
Dimensiones 19 cm.
336 ## - TIPO DE CONTENIDO
Término de tipo de contenido texto
Código de tipo de contenido txt
Fuente rdacontent
337 ## - TIPO DE MEDIO
Nombre/término del tipo de medio sin mediación
Código del tipo de medio n
Fuente rdamedia
338 ## - TIPO DE SOPORTE
Nombre/término del tipo de soporte volumen
Código del tipo de soporte nc
Fuente rdacarrier
490 ## - MENCIÓN DE SERIE
Mención de serie Biblioteca dominicana básica
Designación de volumen o secuencia 15
490 ## - MENCIÓN DE SERIE
Mención de serie Narrativa
504 ## - NOTA DE BIBLIOGRAFÍA, ETC.
Nota de bibliografía, etc. Bibliografía : páginas 213 -219
505 ## - NOTA DE CONTENIDO CON FORMATO
Nota de contenido con formato Palabras para una lectura de la narrativa de Bosch /
Mención de responsabilidad Pedro Vergés--
Título Bibliografía--
-- Los amos--
-- En un bohío /
Mención de responsabilidad Luis Pie--
Título La Nochebuena de Encarnación Mendoza--
-- El funeral--
-- Rumbo al puerto de origen--
-- La desgracia--
-- El hombre que lloró /
Mención de responsabilidad Victoriano Segura--
Título La mancha indeleble--
-- El indio Manuel Sicuri.--
-- Cuento de navidad.
590 ## - NOTA LOCAL (RLIN)
Nota local Inventariado, 2021/MF
650 #4 - PUNTO DE ACCESO ADICIONAL DE MATERIA--TÉRMINO DE MATERIA
Término de materia o nombre geográfico como elemento de entrada Cuentos dominicanos
9 (RLIN) 176
650 #4 - PUNTO DE ACCESO ADICIONAL DE MATERIA--TÉRMINO DE MATERIA
Término de materia o nombre geográfico como elemento de entrada Literatura dominicana
9 (RLIN) 78268
700 1# - PUNTO DE ACCESO ADICIONAL--NOMBRE DE PERSONA
Nombre de persona Vergés, Pedro,
9 (RLIN) 78838
Término indicativo de función/relación prologuista
Código de función/relación pr.
700 1# - PUNTO DE ACCESO ADICIONAL--NOMBRE DE PERSONA
9 (RLIN) 57201
Nombre de persona Vicente, María del Carmen,
Término indicativo de función/relación editor
Código de función/relación ed.
700 1# - PUNTO DE ACCESO ADICIONAL--NOMBRE DE PERSONA
9 (RLIN) 8295
Nombre de persona Dobarro Lamas, Clara,
Término indicativo de función/relación editor
Código de función/relación ed.
830 #0 - PUNTO DE ACCESO ADICIONAL DE SERIE-TÍTULO UNIFORME
Título uniforme Biblioteca dominicana básica ;
Número de parte o sección de la obra 15
Nombre de parte o sección de la obra Narrativa
9 (RLIN) 80827
910 ## - DATOS DE OPCIÓN DEL USUARIO (OCLC)
Datos de opción del usuario MF/Validado. Control de calidad MFF
942 ## - ELEMENTOS DE PUNTO DE ACCESO ADICIONAL (KOHA)
Fuente del sistema de clasificación o colocación Dewey Decimal Classification
Tipo de ítem Koha Libro
Holdings
Estado de retiro Estado de pérdida Fuente del sistema de clasificación o colocación Restricciones de uso No para préstamo Código de colección Localización permanente Ubicación/localización actual Ubicación en estantería Fecha de adquisición Fuente de adquisición Total de préstamos Signatura topográfica completa Código de barras Fecha visto por última vez Precio válido a partir de Tipo de ítem Koha Número de copia
    Dewey Decimal Classification Excluido de préstamo   Patrimonio Dominicano Biblioteca Nacional Pedro Henríquez Ureña Biblioteca Nacional Pedro Henríquez Ureña Depósito 16.05.2019 Depósito Legal   BNPHU PD RD863.44 B742c 2019 2021-2037 15.06.2021 15.06.2021 Libro  
    Dewey Decimal Classification Excluido de préstamo   Patrimonio Dominicano Biblioteca Nacional Pedro Henríquez Ureña Biblioteca Nacional Pedro Henríquez Ureña Depósito 16.03.2019 Depósito Legal   BNPHU PD RD863.44 B742c 2019 2021-2038 15.06.2021 15.06.2021 Libro e.2
    Dewey Decimal Classification Préstamo en sala   Dominicana de Servicio Biblioteca Nacional Pedro Henríquez Ureña Biblioteca Nacional Pedro Henríquez Ureña Depósito 16.05.2019 Depósito Legal   BNPHU DS RD863.44 B742c 2019 2021-2039 15.06.2021 15.06.2021 Libro e.3

Powered by Koha